NFL Which hall of famer? - Statistics

General Stats
  • This quiz has been taken 1,503 times
  • The average score is 13 of 45
Answer Stats
Year of Draft Round # Team Answer % Correct
1990 1 Cowboys Emmitt Smith
66%
1985 1 Bills Bruce Smith
61%
1989 1 Lions Barry Sanders
59%
1989 1 Falcons Deion Sanders
59%
1983 1 Dolphins Dan Marino
58%
1989 1 Cowboys Troy Aikman
57%
1984 Undrafted Oilers Warren Moon
55%
1995 1 Tampa Warren Sapp
55%
1983 1 Bal Colts John Elway
50%
1985 1 49ers Jerry Rice
49%
1988 1 Cowboys Michael Irvin
48%
1983 1 Bills Jim Kelly
45%
1988 2 Bills Thurman Thomas
41%
1989 1 Chiefs Derrick Thomas
40%
1984 Supp* Bucs Steve Young
38%
1996 1 Ravens Jonathan Ogden
36%
1994 2 Cowboys Larry Allen
35%
1982 1 Raiders Marcus Allen
35%
1983 1 LA Rams Eric Dickerson
34%
1981 1 Giants Lawrence Taylor
32%
1984 Supp* Eagles Reggie White
30%
1987 4 Eagles Cris Carter
29%
1994 1 Colts Marshall Faulk
28%
1983 1 Redskins Darrell Green
25%
1981 2 Bears Mike Singletary
23%
1981 2 Saints Rickey Jackson
20%
1987 1 Steelers Rod Woodson
20%
1981 1 49ers Ronnie Lott
19%
1990 7 Broncos Shannon Sharpe
17%
1995 3 Patriots Curtis Martin
16%
1980 1 Bengals Anthony Munoz
14%
1983 8 Bears Richard Dent
14%
1983 1 Oilers Bruce Matthews
13%
1980 1 Redskins Art Monk
12%
1990 1 Seahawks Cortez Kennedy
11%
1981 2 Raiders Howie Long
9%
1985 1 Vikings Chris Doleman
7%
1988 2 Steelers Dermontti Dawson
7%
1988 1 Vikings Randall McDaniel
7%
1993 1 Saints Willie Roaf
7%
1982 2 Patriots Andre Tippett
4%
1982 1 Oilers Mike Munchak
4%
1981 3 Redskins Russ Grimm
4%
1984 Supp* Vikings Gary Zimmerman
3%
1980 2 Dolphins Dwight Stephenson
2%
No matching quizzes found
Score Distribution
Percent of People with Each Score
Percentile by Number Answered
Your Score History
You have not taken this quiz